Normal view
MARC view
Entry Personal Name
001 - CONTROL NUMBER
- control field: 1130
003 - CONTROL NUMBER IDENTIFIER
- control field: BD-DhUIB
005 - DATE AND TIME OF LATEST TRANSACTION
- control field: 20260602145244.0
008 - FIXED-LENGTH DATA ELEMENTS
- fixed length control field: 260602|| aca||aabn | a|a d
040 ## - CATALOGING SOURCE
- Original cataloging agency: BD-DhUIB
- Transcribing agency: BD-DhUIB
100 ## - HEADING--PERSONAL NAME
- Personal name: Rahman,Md. Arifur
670 ## - SOURCE DATA FOUND
- Source citation: Work cat.: (BD-DhUIB)720: Rahman,Md. Arifur., Japanese retail industry after the bubble economy/, c2022 .
